Leadership in organizations (Record no. 396944)

MARC details
000 -LEADER
fixed length control field 00574 a2200229 4500
005 - DATE & TIME
control field 20260406124319.0
008 - FIXED-LENGTH DATA ELEMENTS--GENERAL INFORMATION
fixed length control field 260406b |||||||| |||| 00| 0 eng d
020 ## - ISBN
International Standard Book Number 9789389552454
Price Rs. 880.00
040 ## - CATALOGING SOURCE
Original cataloging agency VIVEKANANDA LIBRARY
082 ## - DDC NUMBER
Classification number 658.3
Book Number Y9L(9)
100 ## - MAIN ENTRY--PERSONAL NAME
Personal name Yukl, Gary
245 ## - TITLE STATEMENT
Title Leadership in organizations
250 ## - EDITION STATEMENT
Edition statement 9th
260 ## - PUBLICATION, DISTRIBUTION, ETC. (IMPRINT)
Name of publisher, distributor, etc Pearson India
Place of publication, distribution, etc Noida
Date of publication, distribution, etc 2025
300 ## - PHYSICAL DESCRIPTION
Pages xxii, 538
650 ## - Subject
Subject Management
650 ## - Subject
Subject Executive Management
650 ## - Subject
Subject Leadership
700 ## - Added Entry Personal Name
Added Entry Personal Name Uppal, Nishant
700 ## - Added Entry Personal Name
Added Entry Personal Name Gardner, Wiiliam L, III
942 ## - ADDED ENTRY ELEMENTS (KOHA)
Koha item type Books
Holdings
Withdrawn status Lost status Source of classification or shelving scheme Damaged status Not for loan Location (home branch) Sublocation or collection (holding branch) Shelving location Date acquired Koha issues (times borrowed) Koha full call number Accession No. Koha date last seen Koha item type
    Dewey Decimal Classification     VIVEKANANDA LIBRARY VIVEKANANDA LIBRARY IMSAR Library 30/03/2026   658.3 Y9L(9) 421090 30/03/2026 Books
    Dewey Decimal Classification     VIVEKANANDA LIBRARY VIVEKANANDA LIBRARY IMSAR Library 30/03/2026   658.3 Y9L(9) 421091 30/03/2026 Books
    Dewey Decimal Classification     VIVEKANANDA LIBRARY VIVEKANANDA LIBRARY IMSAR Library 30/03/2026   658.3 Y9L(9) 421089 30/03/2026 Books
    Dewey Decimal Classification     VIVEKANANDA LIBRARY VIVEKANANDA LIBRARY IMSAR Library 30/03/2026   658.3 Y9L(9) 421092 30/03/2026 Books
    Dewey Decimal Classification     VIVEKANANDA LIBRARY VIVEKANANDA LIBRARY IMSAR Library 30/03/2026   658.3 Y9L(9) 421088 30/03/2026 Books
© Designed and Maintained by Vivekananda Library, MDU Rohtak